| 000 | 01120nam a22002177a 4500 | ||
|---|---|---|---|
| 999 |
_c33408 _d33408 |
||
| 003 | OSt | ||
| 005 | 20221212203436.0 | ||
| 008 | 140214b2022 slv spa | ||
| 040 | _cBMC | ||
| 082 | _a616.462 | ||
| 100 | 1 |
_aElas Quintana, Juan Oswaldo _946652 |
|
| 245 | 1 | 0 |
_aFactores que contribuyen a un adecuado control glucémico en pacientes con diabetes mellitus tipo 2 de la Unidad comunitaria de salud familiar de Metapán durante el período comprendido de enero a junio del año 2021 _b: investigación, informe final _cJuan Oswaldo Elas Quintana, Jessica de los Ángeles Linares Mojica |
| 260 |
_aSanta Ana (El Salvador) _bUniversidad Católica de El Salvador _c2021 |
||
| 300 |
_a47+[2] h. _c28 cm _e+ 1 disco compacto |
||
| 500 | _aPrecede al tít.: Universidad Católica de El Salvador, Facultad de Ciencias de la Salud | ||
| 502 | _aPara optar al grado académico de: Doctorado en Medicina | ||
| 650 | 0 |
_923821 _aDiabetes tipo 2 |
|
| 700 | 1 |
_aLinares Mojica, Jessica de los Ángeles _946653 |
|
| 710 | 2 |
_933484 _aUniversidad Católica de El Salvador _bFacultad de Ciencias de la Salud |
|
| 942 |
_2ddc _cTG |
||